[Event "Veliko Gradiste Silver Lake op-A"]
[Site "Veliko Gradiste"]
[Date "2023.06.25"]
[Round "9"]
[White "Yuzsever, Cenk"]
[Black "Theodoridis, Charalampos"]
[Result "1/2-1/2"]
[WhiteElo "1467"]
[BlackElo "1684"]
[PlyCount "61"]
[EventDate "2023.06.18"]
[EventType "swiss"]
[EventRounds "9"]
[EventCountry "SRB"]
[SourceTitle "CBM 215 Extra"]
[Source "ChessBase"]
[SourceDate "2023.09.30"]
[SourceVersion "1"]
[SourceVersionDate "2023.09.30"]
[SourceQuality "1"]

1. d4 d5 2. Nc3 Nf6 3. Bf4 Bf5 4. e3 a6 5. Bd3 Bg6 6. h4 e6 7. h5 Bxd3 8. cxd3 h6 9. Nf3 Nbd7 10. Rc1 Rc8 11. a3 Be7 12. e4 Nb6 13. e5 Nfd7 14. b4 Nb8 15. Kf1 Nc6 16. Rh3 Bg5 17. Qd2 f6 18. Re1 Kd7 19. exf6 gxf6 20. a4 Nxb4 21. Bxg5 hxg5 22. a5 Na8 23. Na4 c5 24. Nxc5+ Rxc5 25. dxc5 Nc6 26. g4 Nc7 27. d4 Nb5 28. Qd3 Rh6 29. Qe3 Qe7 30. Ra1 Qd8 31. Re1 1/2-1/2

[Event "Veliko Gradiste Silver Lake op-A"]
[Site "Veliko Gradiste"]
[Date "2023.06.18"]
[Round "1"]
[White "Theodoridis, Charalampos"]
[Black "Prokhorov, Ivan"]
[Result "0-1"]
[WhiteElo "1684"]
[BlackElo "2111"]
[PlyCount "80"]
[EventDate "2023.06.18"]
[EventType "swiss"]
[EventRounds "9"]
[EventCountry "SRB"]
[SourceTitle "CBM 215 Extra"]
[Source "ChessBase"]
[SourceDate "2023.09.30"]
[SourceVersion "1"]
[SourceVersionDate "2023.09.30"]
[SourceQuality "1"]

1. d4 Nf6 2. c4 e6 3. Nc3 Bb4 4. e3 0-0 5. Nge2 d5 6. a3 Be7 7. c5 b6 8. b4 a5 9. Bd2 bxc5 10. bxc5 Ba6 11. Ng3 Bxf1 12. Nxf1 e5 13. Ng3 Nc6 14. Nce2 Qd7 15. 0-0 exd4 16. exd4 a4 17. Qc2 Rfe8 18. Bc3 Bf8 19. Nf4 g6 20. Nd3 Bg7 21. Nb4 Na5 22. Rfe1 Nb3 23. Rxe8+ Rxe8 24. Rd1 Ne4 25. Nxe4 Rxe4 26. Qb2 Qe6 27. h3 c6 28. Na6 Re2 29. Qb1 Qf6 30. Rf1 Re4 31. Rd1 Re2 32. Rf1 Re4 33. Rd1 h5 34. Qb2 Qe6 35. Nb4 g5 36. Rd3 g4 37. hxg4 hxg4 38. Na6 Re2 39. Qb1 Qf5 40. Be1 Bxd4 0-1

[Event "Wch U12"]
[Site "Batumi"]
[Date "2022.09.27"]
[Round "11"]
[White "Nithik, Reddy Bhavanam"]
[Black "Theodoridis, Charalampos"]
[Result "0-1"]
[WhiteElo "1367"]
[BlackElo "1657"]
[PlyCount "53"]
[EventDate "2022.09.16"]
[EventType "swiss"]
[EventRounds "11"]
[EventCountry "GEO"]
[SourceTitle "EXT 2023"]
[Source "ChessBase"]
[SourceDate "2022.10.05"]
[SourceVersion "1"]
[SourceVersionDate "2022.10.05"]
[SourceQuality "1"]

1. e4 e5 2. Nf3 Nc6 3. Bb5 a6 4. Ba4 Nf6 5. Qe2 Be7 6. c3 b5 7. Bc2 d6 8. h3 0-0 9. 0-0 Re8 10. d3 Rb8 11. Rd1 Bd7 12. Nbd2 Na5 13. Nf1 c5 14. a3 c4 15. Ne3 Qc7 16. Ng5 h6 17. Nf3 Be6 18. d4 Nb7 19. d5 Bd7 20. Nh4 g6 21. Nf3 Nc5 22. Nf1 Kh7 23. Ng3 a5 24. Bd2 Na6 25. Qe1 Rb7 26. Rac1 Reb8 27. Nh2 0-1

[Event "GRE-ch U12"]
[Site "Thessaloniki"]
[Date "2022.08.20"]
[Round "4"]
[White "Theodoridis, Charalampos"]
[Black "Kiryttopoulos, Panagiotis Aris"]
[Result "1/2-1/2"]
[WhiteElo "1585"]
[BlackElo "1451"]
[PlyCount "103"]
[EventDate "2022.08.18"]
[EventType "swiss"]
[EventRounds "9"]
[EventCountry "GRE"]
[SourceTitle "EXT 2023"]
[Source "ChessBase"]
[SourceDate "2022.10.05"]
[SourceVersion "1"]
[SourceVersionDate "2022.10.05"]
[SourceQuality "1"]

1. d4 d5 2. c4 e6 3. Nc3 Nf6 4. cxd5 exd5 5. Bg5 Be7 6. e3 Nbd7 7. Bd3 h6 8. Bh4 0-0 9. Nf3 b6 10. 0-0 Bb7 11. Qc2 Rc8 12. Bf5 Ne8 13. Ne5 Nef6 14. Bxf6 Nxf6 15. Bxc8 Qxc8 16. Ne2 Ba6 17. Rfe1 c5 18. Rac1 Ne4 19. Ng3 Nxg3 20. hxg3 Qe6 21. a3 Rc8 22. Qd1 c4 23. Qg4 Bb5 24. Qxe6 fxe6 25. e4 Bf6 26. exd5 exd5 27. f4 Ba4 28. Re3 a5 29. Kf1 b5 30. b3 Bxe5 31. Rxe5 Bxb3 32. Rxd5 c3 33. Rc5 Rxc5 34. dxc5 b4 35. axb4 axb4 36. c6 Kf7 37. c7 Be6 38. Ke2 Ke7 39. Kd3 Kd7 40. f5 Bxf5+ 41. Kc4 Kxc7 42. Kxb4 c2 43. Kc3 Kd6 44. Kd2 Ke6 45. Rf1 h5 46. Rf4 g6 47. Ra4 Kf6 48. Rc4 Kg5 49. Ke3 Kf6 50. Kf4 Ke6 51. Ke3 Kf6 52. Kd4 1/2-1/2

[Event "GRE-ch U18"]
[Site "Kavala"]
[Date "2022.04.27"]
[Round "2"]
[White "Tsarsitalidis, Christos"]
[Black "Theodoridis, Charalampos"]
[Result "1-0"]
[WhiteElo "1869"]
[BlackElo "1446"]
[PlyCount "99"]
[EventDate "2022.04.26"]
[EventType "swiss"]
[EventRounds "9"]
[EventCountry "GRE"]
[SourceTitle "CBM 208 Extra"]
[Source "ChessBase"]
[SourceDate "2022.07.31"]
[SourceVersion "1"]
[SourceVersionDate "2022.07.31"]
[SourceQuality "1"]

1. e4 e5 2. Nf3 Nc6 3. Bc4 Bc5 4. c3 Nf6 5. d3 d6 6. Nbd2 a6 7. Bb3 Ba7 8. h3 h6 9. Nf1 Be6 10. Bxe6 fxe6 11. Qb3 Qc8 12. g4 0-0 13. Qd1 Nh7 14. Be3 Qe8 15. Qe2 Qf7 16. N1h2 Ng5 17. Nxg5 hxg5 18. 0-0 Qf6 19. Qd2 Qh6 20. Kg2 Bxe3 21. fxe3 Ne7 22. Rxf8+ Rxf8 23. Rf1 Rxf1 24. Nxf1 Ng6 25. Qd1 Nh4+ 26. Kg3 Qf6 27. Nd2 c6 28. Qb3 Qf7 29. Qb4 Qc7 30. Nc4 Qf7 31. Nd2 Qc7 32. Qb3 Qf7 33. Qb6 Qd7 34. Nc4 Kh7 35. Qa7 Qf7 36. Nd2 Qc7 37. Qa8 Qb6 38. Nc4 Qc7 39. Qe8 d5 40. Qh5+ Kg8 41. Qxg5 dxc4 42. dxc4 Qb6 43. Kxh4 Qxb2 44. Qxe5 Qf2+ 45. Kh5 Qxe3 46. Qxe6+ Kh7 47. Qf5+ Kg8 48. g5 Qe2+ 49. Kg6 Qxc4 50. Qc8# 1-0

[Event "GRE-chT U16"]
[Site "Thessaloniki"]
[Date "2021.12.19"]
[Round "6.3"]
[White "Theodoridis, Charalampos"]
[Black "Mousliadis, Ippokratis"]
[Result "1/2-1/2"]
[WhiteElo "1353"]
[BlackElo "1200"]
[PlyCount "79"]
[EventDate "2021.12.16"]
[EventType "team-swiss"]
[EventRounds "6"]
[EventCountry "GRE"]
[SourceTitle "CBM 205 Extra"]
[Source "ChessBase"]
[SourceDate "2022.01.31"]
[SourceVersion "1"]
[SourceVersionDate "2022.01.31"]
[SourceQuality "1"]
[WhiteTeam "Kavalas"]
[BlackTeam "Peiraikos"]
[WhiteTeamCountry "GRE"]
[BlackTeamCountry "GRE"]

1. e4 Nf6 2. e5 Nd5 3. c4 Nb6 4. Nf3 d6 5. exd6 cxd6 6. d4 g6 7. b3 Bg7 8. Bb2 0-0 9. Be2 N8d7 10. 0-0 Qc7 11. Nbd2 Re8 12. Qc2 e5 13. Rfe1 d5 14. dxe5 Nxe5 15. Nxe5 Bxe5 16. Bxe5 Rxe5 17. Nf3 Re8 18. Rac1 Bf5 19. Qc3 dxc4 20. bxc4 Rac8 21. Qa5 Qc5 22. Qxc5 Rxc5 23. Nd2 Rce5 24. Kf1 Rxe2 25. Rxe2 Bd3 26. Rce1 Rxe2 27. Rxe2 Nxc4 28. Nb3 Bxe2+ 29. Kxe2 Kg7 30. f4 f5 31. Kd3 Nd6 32. Kd4 Kf6 33. Kd5 Ne4 34. a3 Nc3+ 35. Kc4 Ne4 36. Na5 Nd6+ 37. Kb4 Ke6 38. Nb3 Kd5 39. g3 Nc4 40. a4 1/2-1/2

[Event "EU-ch Hybrid U12"]
[Site "Tornelo INT"]
[Date "2021.10.15"]
[Round "3"]
[White "Theodoridis, Charalampos"]
[Black "Pakkoutis, Nicolas"]
[Result "1-0"]
[WhiteElo "1351"]
[BlackElo "1162"]
[PlyCount "99"]
[EventDate "2021.10.15"]
[EventType "swiss"]
[EventRounds "9"]
[EventCountry "NET"]
[SourceTitle "EXT 2023"]
[Source "ChessBase"]
[SourceDate "2022.10.05"]
[SourceVersion "1"]
[SourceVersionDate "2022.10.05"]
[SourceQuality "1"]
[WhiteTeam "Greece"]
[BlackTeam "Zypern"]
[WhiteTeamCountry "GRE"]
[BlackTeamCountry "CYP"]

1. e4 e5 2. Nf3 Nc6 3. Bc4 Nf6 4. d3 Bc5 5. c3 d6 6. a4 a5 7. 0-0 0-0 8. Nbd2 Be6 9. h3 d5 10. exd5 Bxd5 11. Re1 Re8 12. Bxd5 Qxd5 13. Ne4 Nxe4 14. dxe4 Qxd1 15. Rxd1 Rad8 16. Bg5 f6 17. Bh4 Rd6 18. Rxd6 Bxd6 19. Rd1 Rd8 20. Kf1 Bc5 21. Rxd8+ Nxd8 22. Nxe5 fxe5 23. Bxd8 Bb6 24. Ke2 Kf7 25. f3 h6 26. Bh4 Ke6 27. Bf2 Bxf2 28. Kxf2 Kd6 29. Ke3 Kc5 30. Kd3 b5 31. axb5 Kxb5 32. b3 c5 33. h4 g6 34. g3 Kc6 35. f4 exf4 36. gxf4 Kd6 37. Kc4 Kc6 38. e5 Kd7 39. Kxc5 Ke6 40. Kd4 h5 41. Ke4 Ke7 42. Kd5 Ke8 43. Ke6 a4 44. bxa4 Kf8 45. a5 g5 46. fxg5 Kg7 47. a6 Kg6 48. a7 Kg7 49. a8Q Kg6 50. Qg8# 1-0

[Event "EU-ch Hybrid U12"]
[Site "Tornelo INT"]
[Date "2021.10.15"]
[Round "1"]
[White "Theodoridis, Charalampos"]
[Black "Sava, Robert Gabriel"]
[Result "0-1"]
[WhiteElo "1351"]
[BlackElo "1842"]
[PlyCount "110"]
[EventDate "2021.10.15"]
[EventType "swiss"]
[EventRounds "9"]
[EventCountry "NET"]
[SourceTitle "EXT 2023"]
[Source "ChessBase"]
[SourceDate "2022.10.05"]
[SourceVersion "1"]
[SourceVersionDate "2022.10.05"]
[SourceQuality "1"]
[WhiteTeam "Greece"]
[BlackTeam "Romania"]
[WhiteTeamCountry "GRE"]
[BlackTeamCountry "ROU"]

1. e4 c5 2. Nf3 d6 3. d4 cxd4 4. Nxd4 Nf6 5. Nc3 Nc6 6. Bg5 e6 7. f3 Be7 8. h4 h6 9. Be3 e5 10. Nb3 Be6 11. Bf2 d5 12. exd5 Nxd5 13. Nxd5 Qxd5 14. Qxd5 Bxd5 15. 0-0-0 0-0-0 16. Bd3 Rhf8 17. Rhe1 f5 18. Bb5 Bf6 19. Bxc6 Bxc6 20. Bxa7 Rxd1+ 21. Rxd1 Bxh4 22. Na5 Bg5+ 23. Kb1 Rd8 24. Rxd8+ Kxd8 25. Nxc6+ bxc6 26. c3 e4 27. fxe4 fxe4 28. Kc2 Kd7 29. Kd1 Ke6 30. Ke2 Kd5 31. a4 c5 32. a5 c4 33. Bd4 Kc6 34. a6 h5 35. a7 Kb7 36. Bxg7 Kxa7 37. Bd4+ Ka6 38. Be3 Be7 39. Kf2 Kb5 40. Kg3 Ka4 41. Kf4 Kb3 42. Kxe4 Kxb2 43. Kd4 Kb3 44. Ke5 Kxc3 45. Kf5 Kd3 46. Bf4 c3 47. Kg6 h4 48. Kh5 c2 49. Kg4 Ke2 50. g3 hxg3 51. Kxg3 Bd6 52. Bxd6 c1Q 53. Bf4 Qg1+ 54. Kh4 Kf3 55. Bb8 Qg4# 0-1

[Event "GRE-chT Online Rapid op 1st"]
[Site "Tornelo INT"]
[Date "2021.02.21"]
[Round "8.33"]
[White "Theodoridis, Charalampos"]
[Black "Gkizis, Konstantinos"]
[Result "1-0"]
[WhiteElo "1350"]
[BlackElo "1030"]
[PlyCount "127"]
[EventDate "2021.02.20"]
[EventType "team-swiss (rapid)"]
[EventRounds "9"]
[EventCountry "GRE"]
[SourceTitle "EXT 2023"]
[Source "ChessBase"]
[SourceDate "2022.10.05"]
[SourceVersion "1"]
[SourceVersionDate "2022.10.05"]
[SourceQuality "1"]

1. e4 c5 2. Nf3 e6 3. d4 cxd4 4. Nxd4 d6 5. f3 Qh4+ 6. g3 Qd8 7. c4 Nd7 8. Nc3 Ngf6 9. Be3 Be7 10. Ndb5 Ne5 11. Nxa7 0-0 12. Nxc8 Rxc8 13. b3 b5 14. Nxb5 Qa5+ 15. Bd2 Qb6 16. Be2 Rfd8 17. f4 Ng6 18. Bf3 d5 19. e5 Ne4 20. Bxe4 dxe4 21. Qe2 Qb7 22. 0-0 Bc5+ 23. Be3 Bxe3+ 24. Qxe3 Rd3 25. Qe2 Qb6+ 26. Kh1 Re3 27. Qf2 Rd8 28. Nd6 Qd4 29. Rad1 Qc3 30. Nb5 Rxd1 31. Rxd1 Rf3 32. Nxc3 Rxf2 33. Re1 Rc2 34. Nxe4 Rxa2 35. c5 Rc2 36. Re3 Ne7 37. Rc3 Re2 38. c6 Rxe4 39. c7 h6 40. c8Q+ Nxc8 41. Rxc8+ Kh7 42. Rb8 Re1+ 43. Kg2 Rb1 44. b4 Kg6 45. b5 Kf5 46. b6 g5 47. fxg5 hxg5 48. Kf3 Kxe5 49. b7 Rb4 50. h4 gxh4 51. gxh4 Kd6 52. Rd8+ Kc7 53. b8Q+ Rxb8 54. Rxb8 Kxb8 55. h5 Kc8 56. h6 Kd8 57. h7 Ke7 58. h8Q Kd6 59. Qd4+ Ke7 60. Ke4 f6 61. Qa7+ Kf8 62. Qd7 f5+ 63. Ke5 f4 64. Kf6 1-0

[Event "GRE-chT Online Rapid op 1st"]
[Site "Tornelo INT"]
[Date "2021.02.21"]
[Round "7.27"]
[White "Tzamtzis, Konstantinos"]
[Black "Theodoridis, Charalampos"]
[Result "1-0"]
[WhiteElo "1763"]
[BlackElo "1350"]
[PlyCount "99"]
[EventDate "2021.02.20"]
[EventType "team-swiss (rapid)"]
[EventRounds "9"]
[EventCountry "GRE"]
[SourceTitle "EXT 2023"]
[Source "ChessBase"]
[SourceDate "2022.10.05"]
[SourceVersion "1"]
[SourceVersionDate "2022.10.05"]
[SourceQuality "1"]

1. e4 e5 2. Nf3 Nc6 3. Bc4 Bc5 4. d3 Nf6 5. 0-0 h6 6. Be3 Bb6 7. Nc3 d6 8. Qd2 Bxe3 9. fxe3 0-0 10. d4 Bg4 11. a3 Qe7 12. Rae1 Bh5 13. Qf2 Bg6 14. d5 Nd8 15. Bd3 b6 16. Nh4 Bh7 17. Qg3 Nb7 18. Rf5 Nc5 19. Ref1 Kh8 20. b4 Nxd3 21. cxd3 Rg8 22. R5f3 Raf8 23. Ne2 a6 24. Qh3 Qd7 25. Nf5 Bxf5 26. Rxf5 Qe7 27. Ng3 Kh7 28. Rxf6 Qxf6 29. Rxf6 gxf6 30. Qf5+ Rg6 31. Nh5 Rd8 32. Nxf6+ Kh8 33. d4 exd4 34. exd4 Kg7 35. e5 dxe5 36. dxe5 Rg5 37. Qh7+ Kf8 38. Qxh6+ Ke7 39. Qxg5 Kf8 40. d6 cxd6 41. Ne4 Rc8 42. exd6 Rc4 43. d7 Rd4 44. d8Q+ Rxd8 45. Qxd8+ Kg7 46. Qf6+ Kf8 47. Ng5 Ke8 48. Qxf7+ Kd8 49. Ne6+ Kc8 50. Qc7# 1-0

[Event "GRE-chT Online Rapid op 1st"]
[Site "Tornelo INT"]
[Date "2021.02.20"]
[Round "1.12"]
[White "Leftheriotis, Alexandros"]
[Black "Theodoridis, Charalampos"]
[Result "1-0"]
[WhiteElo "2032"]
[BlackElo "1350"]
[PlyCount "141"]
[EventDate "2021.02.20"]
[EventType "team-swiss (rapid)"]
[EventRounds "9"]
[EventCountry "GRE"]
[SourceTitle "EXT 2023"]
[Source "ChessBase"]
[SourceDate "2022.10.05"]
[SourceVersion "1"]
[SourceVersionDate "2022.10.05"]
[SourceQuality "1"]

1. e4 e5 2. Nf3 Nc6 3. Bb5 a6 4. Ba4 Be7 5. 0-0 d6 6. d4 b5 7. Bb3 Bg4 8. c3 Nf6 9. Re1 0-0 10. Be3 Na5 11. Bc2 Nc4 12. Bc1 Re8 13. b3 Nb6 14. Bb2 Nbd7 15. Nbd2 Bf8 16. h3 Bh5 17. a4 c6 18. Nf1 Bg6 19. Ng3 Nb6 20. a5 Nbd7 21. Nh4 Qc7 22. Nhf5 Bxf5 23. Nxf5 g6 24. Ng3 Bg7 25. Rf1 d5 26. dxe5 Nxe5 27. f4 Ned7 28. e5 Nxe5 29. fxe5 Qxe5 30. Qf3 Qe3+ 31. Qxe3 Rxe3 32. Kf2 Rae8 33. Rfe1 Rxe1 34. Rxe1 Rxe1 35. Kxe1 Nd7 36. Kd2 Nc5 37. Ne2 Nb7 38. b4 Nd6 39. Bd3 Kf8 40. Kc2 Nc4 41. Bxc4 dxc4 42. Bc1 Ke7 43. Be3 Be5 44. Kd2 f6 45. Bc5+ Ke6 46. Ke3 f5 47. Nf4+ Bxf4+ 48. Kxf4 h6 49. h4 Kf6 50. Bd4+ Kf7 51. Ke5 Ke7 52. Bc5+ Kd7 53. Kf6 g5 54. hxg5 hxg5 55. Kxf5 g4 56. Kxg4 Ke6 57. Kg5 Kf7 58. Kh6 Kg8 59. g4 Kh8 60. g5 Kg8 61. Bd4 Kf7 62. Kh7 Ke6 63. g6 c5 64. Bxc5 Kd5 65. g7 Kc6 66. g8Q Kd7 67. Qd5+ Kc7 68. Bb6+ Kc8 69. Qc6+ Kb8 70. Qc7+ Ka8 71. Qa7# 1-0

[Event "GRE-chT Online Rapid op 1st"]
[Site "Tornelo INT"]
[Date "2021.02.20"]
[Round "3.17"]
[White "Tsikerdanos, Konstantinos"]
[Black "Theodoridis, Charalampos"]
[Result "1/2-1/2"]
[WhiteElo "1863"]
[BlackElo "1350"]
[PlyCount "131"]
[EventDate "2021.02.20"]
[EventType "team-swiss (rapid)"]
[EventRounds "9"]
[EventCountry "GRE"]
[SourceTitle "EXT 2023"]
[Source "ChessBase"]
[SourceDate "2022.10.05"]
[SourceVersion "1"]
[SourceVersionDate "2022.10.05"]
[SourceQuality "1"]

1. d4 d5 2. c4 e6 3. Nc3 Be7 4. a3 b6 5. cxd5 exd5 6. Bf4 Bb7 7. Nb5 Na6 8. Rc1 c6 9. Nc3 Nf6 10. e3 Nb8 11. Nf3 Nbd7 12. h3 0-0 13. Bd3 c5 14. Bb1 a6 15. Ne5 c4 16. Qc2 b5 17. Bg5 g6 18. Ne2 Ne4 19. Bxe7 Qxe7 20. Nxd7 Qxd7 21. f3 Nd6 22. Qd2 Rfe8 23. Kf2 Re7 24. Rce1 Rae8 25. Ng3 f5 26. h4 h5 27. Re2 Kg7 28. Rhe1 Re6 29. Nh1 Qe7 30. g3 Kf7 31. f4 Ne4+ 32. Bxe4 Rxe4 33. Kg2 Re6 34. Nf2 Qd6 35. Nh3 Kg7 36. Ng5 R6e7 37. Nf3 Qb6 38. Ne5 Bc8 39. Rc1 Bb7 40. Qb4 a5 41. Qc3 Qa6 42. Ra1 Qb6 43. Qc2 Ba8 44. Kf2 Bb7 45. Qc3 Kh7 46. Rh1 Ba8 47. Qc2 Bb7 48. Kf1 Ba8 49. Rg2 Bb7 50. Rgh2 Bc8 51. Qg2 Qd6 52. Qd2 Qb6 53. Kf2 Bd7 54. Rb1 Bc8 55. Rhh1 Bb7 56. Rhc1 Ba8 57. Rc2 Bb7 58. Rbc1 Ba8 59. Qc3 Rd8 60. Rd1 Bb7 61. Kg2 Ba8 62. Rcd2 Bb7 63. Qc2 Ba8 64. Qc3 Bb7 65. Qc2 Ba8 66. Qc3 1/2-1/2